Bethel Airport Destinations (Bethel, AK, USA) - Statistics

General Stats
  • This quiz has been taken 20 times
  • The average score is 7 of 38
Answer Stats
Airline Destination % Correct
Alaska Airlines Anchorage
94%
Grant Aviation Dillingham
31%
Grant Aviation/Yute Commuter Service Eek
25%
Yute Commuter Service Akiachak
19%
Yute Commuter Service Akiak
19%
Grant Aviation Alakanuk
19%
Ryan Air Aniak
19%
Grant Aviation/Ryan Air/Yute Commuter Service Atmautluak
19%
Grant Aviation/Yute Commuter Service Chefornak
19%
Grant Aviation/Ryan Air Chevak
19%
Yute Commuter Service Goodnews Bay
19%
Grant Aviation/Ryan Air Hooper Bay
19%
Grant Aviation/Yute Commuter Service Kasigluk
19%
Grant Aviation/Yute Commuter Service Kipnuk
19%
Yute Commuter Service Kwethluk
19%
Grant Aviation/Yute Commuter Service Newtok
19%
Grant Aviation/Yute Commuter Service Nightmute
19%
Grant Aviation/Yute Commuter Service Nunapitchuk
19%
Grant Aviation/Yute Commuter Service Pilot Station
19%
Yute Commuter Service Platinum
19%
Grant Aviation/Yute Commuter Service Quinhagak
19%
Grant Aviation/Ryan Air Scammon Bay
19%
Grant Aviation/Ryan Air/Yute Commuter Service St. Mary's
19%
Yute Commuter Service Tuluksak
19%
Grant Aviation/Yute Commuter Service Tuntutuliak
19%
Grant Aviation/Ryan Air/Yute Commuter Service Tununak
19%
Grant Aviation Emmonak
13%
Grant Aviation/Yute Commuter Service Kongiganak
13%
Grant Aviation Kotlik
13%
Grant Aviation/Yute Commuter Service Kwigillingok
13%
Grant Aviation/Ryan Air/Yute Commuter Service Marshall
13%
Grant Aviation/Ryan Air Mekoryuk
13%
Grant Aviation/Yute Commuter Service Mountain Village
13%
Yute Commuter Service Napakiak
13%
Yute Commuter Service Napaskiak
13%
Grant Aviation Nunam Iqua
13%
Yute Commuter Service Russian Mission
13%
Grant Aviation/Ryan Air/Yute Commuter Service Toksook Bay
13%
No matching quizzes found
Score Distribution
Percent of People with Each Score
Percentile by Number Answered
Your Score History
You have not taken this quiz